000 00508nam a2200181Ia 4500
999 _c13993
_d13993
003 OSt
005 20201103132007.0
008 190216s9999||||xx |||||||||||||| ||und||
020 _a0140245731
040 _coclc
082 _a891.43933
_bAMM/T
100 _aAmman, Mir
_96237
245 2 _aA Tale Of Four Dervishes /
_cMir Amman
260 _bPenguin Books
_c1994,
_aNew delhi:
300 _a158p
650 _aEnglish Novel
942 _cBK
_2ddc
_h891.43933
_iAMM/T
_k891.43933
_mAMM/T